[Event "World Junior Open 2015"]
[Site "Khanty-Mansiysk RUS"]
[Date "2015.09.02"]
[Round "1.1"]
[White "Duda, Jan-Krzysztof"]
[Black "Iskandarov, Misratdin"]
[Result "1-0"]
[WhiteTitle "GM"]
[BlackTitle "IM"]
[WhiteElo "2645"]
[BlackElo "2405"]
[WhiteFideId "1170546"]
[BlackFideId "13400312"]
[EventDate "2015.09.02"]

1. e4 e5 2. Nf3 Nc6 3. Bb5 a6 4. Ba4 d6 5. c3 Bd7 6. O-O g6 7. d4 Bg7 8. Bg5 f6
9. Be3 Nh6 10. Bb3 Qe7 11. h3 Nf7 12. dxe5 fxe5 13. c4 Ncd8 14. Nc3 Ne6 15. Nd5
Qd8 16. Rc1 c5 17. Bc2 O-O 18. b4 Bc6 19. bxc5 dxc5 20. a4 Kh8 21. Rb1 Nd6 22.
Nd2 Nd4 23. Nb6 Rb8 24. Bd3 Nc8 25. Nd5 Nd6 26. Kh2 Qe8 27. a5 Qd8 28. Ra1 Rc8
29. Nb6 Rc7 30. Ra3 Rcf7 31. f3 Ne8 32. Nd5 Nc7 33. Rf2 Nce6 34. Bf1 h5 35. Nb3
Kh7 36. Nc1 g5 37. Raa2 Nf4 38. Nd3 Qd6 39. Rab2 Bh6 40. N3xf4 gxf4 41. Bxd4
cxd4 42. c5 Qxc5 43. Qe1 Qd6 44. Rfc2 Bg5 45. Nb4 Ba4 46. Rc4 Bb5 47. Rc1 Bxf1
48. Qxf1 Bd8 49. Ra1 Rc7 50. Rab1 Rg7 51. Nd3 Bxa5 52. Rxb7 Rg8 53. Qc1 Qg6 54.
Qc2 Qf6 55. Rxg7+ Rxg7 56. Rb8 Qg6 57. Rc8 Bc3 58. Kh1 Re7 59. Qb3 Rg7 60. Qa2
a5 61. Nxe5 Qa6 62. Rc4 Qb5 63. Nd3 Rb7 64. Kh2 1-0

[Event "World Junior Open 2015"]
[Site "Khanty-Mansiysk RUS"]
[Date "2015.09.02"]
[Round "1.2"]
[White "Carneiro, Vitor Roberto Castro"]
[Black "Cori, Jorge"]
[Result "1-0"]
[WhiteTitle "CM"]
[BlackTitle "GM"]
[WhiteElo "2405"]
[BlackElo "2637"]
[WhiteFideId "2130106"]
[BlackFideId "3802272"]
[EventDate "2015.09.02"]

1. c4 c5 2. Nf3 Nc6 3. Nc3 g6 4. e3 Nf6 5. d4 cxd4 6. exd4 d5 7. cxd5 Nxd5 8.
Qb3 Nxc3 9. Bc4 Nd5 10. Bxd5 e6 11. Bxc6+ bxc6 12. O-O Qd5 13. Be3 Bd6 14. Rfc1
Rb8 15. Qxd5 cxd5 16. Rc6 Be7 17. Bf4 Ra8 18. Rac1 Bd7 19. Rc7 Bd8 20. Rb7 f6
21. Bc7 Ke7 22. Ne1 a5 23. Nd3 Rc8 24. Bxd8+ Rhxd8 25. Rxc8 Rxc8 26. Nc5 Rd8 27.
f4 g5 28. fxg5 fxg5 29. Ra7 a4 30. Nxa4 Kd6 31. Nc5 Bc6 32. Rxh7 Rb8 33. Nd3 Bb5
34. Ne5 Be8 35. Rh8 Rc8 36. h3 Ke7 37. Rh7+ Kf6 38. Rb7 Kf5 39. b3 Ke4 40. Rb4
Rc2 41. a4 Bh5 42. g4 Be8 43. Rb6 Kxd4 44. Rxe6 Rc8 45. Nf3+ Kc3 46. Re3+ Kc2
47. Re5 Rd8 48. Nxg5 Kc3 49. Re3+ Kb4 50. Ne6 Rc8 51. Nf4 Bc6 52. Rd3 Kc5 53.
Nxd5 1-0

[Event "World Junior Open 2015"]
[Site "Khanty-Mansiysk RUS"]
[Date "2015.09.02"]
[Round "1.3"]
[White "Grigoryan, Karen H."]
[Black "Leiva, Giuseppe"]
[Result "1-0"]
[WhiteTitle "GM"]
[BlackTitle "IM"]
[WhiteElo "2609"]
[BlackElo "2400"]
[WhiteFideId "13301004"]
[BlackFideId "3804399"]
[EventDate "2015.09.02"]

1. e4 c6 2. Nc3 d5 3. Nf3 Bg4 4. h3 Bxf3 5. Qxf3 Nf6 6. d3 e6 7. g3 Nbd7 8. Bg2
Bb4 9. Bd2 O-O 10. a3 Bc5 11. O-O b5 12. Qe2 Nb6 13. Kh2 a5 14. Rfc1 Re8 15. Nd1
Bf8 16. e5 Nfd7 17. f4 b4 18. axb4 axb4 19. Ne3 c5 20. c4 bxc3 21. bxc3 Rxa1 22.
Rxa1 Qc7 23. c4 dxc4 24. dxc4 f6 25. exf6 gxf6 26. Bc3 Qd6 27. Nf5 Qb8 28. Re1
Nc8 29. Bd5 Kh8 30. Qh5 Nd6 31. Bxe6 1-0

[Event "World Junior Open 2015"]
[Site "Khanty-Mansiysk RUS"]
[Date "2015.09.02"]
[Round "1.4"]
[White "Johansson, Linus"]
[Black "Bok, Benjamin"]
[Result "0-1"]
[WhiteTitle "IM"]
[BlackTitle "GM"]
[WhiteElo "2400"]
[BlackElo "2586"]
[WhiteFideId "1711113"]
[BlackFideId "1017063"]
[EventDate "2015.09.02"]

1. d4 d5 2. c4 e6 3. Nc3 c6 4. Nf3 Nf6 5. Bg5 h6 6. Bh4 dxc4 7. e4 g5 8. Bg3 b5
9. Be2 Bb7 10. h4 g4 11. Ne5 Nbd7 12. O-O Nxe5 13. Bxe5 Rg8 14. Qc2 Nh5 15. g3
f6 16. Bxg4 Rxg4 17. Qe2 f5 18. exf5 exf5 19. a4 Kf7 20. Nd1 Qxh4 21. Ne3 Rg5
22. Qf3 Qe4 0-1

[Event "World Junior Open 2015"]
[Site "Khanty-Mansiysk RUS"]
[Date "2015.09.02"]
[Round "1.5"]
[White "Bluebaum, Matthias"]
[Black "Bida, Mihai-Eugen"]
[Result "1-0"]
[WhiteTitle "GM"]
[BlackTitle "FM"]
[WhiteElo "2580"]
[BlackElo "2394"]
[WhiteFideId "24651516"]
[BlackFideId "1200062"]
[EventDate "2015.09.02"]

1. d4 Nf6 2. c4 e6 3. g3 Bb4+ 4. Nd2 d5 5. Bg2 O-O 6. Nf3 dxc4 7. Qc2 b5 8. a4
bxa4 9. O-O Bb7 10. Nxc4 Nbd7 11. Nce5 c5 12. Nxd7 Qxd7 13. Ne5 Qc7 14. Bxb7
Qxb7 15. dxc5 Rfc8 16. Nd3 Qb5 17. Be3 Nd5 18. Bd4 e5 19. Bxe5 Bxc5 20. Qxa4
Qxa4 21. Rxa4 Bb6 22. e4 Ne7 23. Bc3 Rd8 24. Nf4 Rab8 25. Kg2 f6 26. Re1 Kf7 27.
e5 Nd5 28. Nxd5 Rxd5 29. exf6 gxf6 30. Rf4 Bd8 31. Ra1 a5 32. Raa4 Rbb5 33. Rac4
Rf5 34. Rxf5 Rxf5 35. Rc6 h5 36. Rd6 Be7 37. Rd7 Ke6 38. Rb7 Bd8 39. Rb8 Kd7 40.
Ra8 Rd5 41. Ra6 Rf5 42. f4 h4 43. Kf3 hxg3 44. hxg3 Ke8 45. g4 Rb5 46. Bxf6 Bxf6
47. Rxf6 Rxb2 48. g5 a4 49. Ra6 Rb3+ 50. Kg4 a3 51. g6 Kf8 52. Kg5 Kg7 53. Ra7+
Kf8 54. f5 Kg8 55. Ra8+ 1-0

[Event "World Junior Open 2015"]
[Site "Khanty-Mansiysk RUS"]
[Date "2015.09.02"]
[Round "1.6"]
[White "Harsha, Bharathakoti"]
[Black "Van Foreest, Jorden"]
[Result "1/2-1/2"]
[BlackTitle "IM"]
[WhiteElo "2393"]
[BlackElo "2541"]
[WhiteFideId "5078776"]
[BlackFideId "1039784"]
[EventDate "2015.09.02"]

1. Nf3 Nf6 2. c4 b6 3. g3 Bb7 4. Bg2 g6 5. O-O Bg7 6. Nc3 c5 7. d4 cxd4 8. Nxd4
Bxg2 9. Kxg2 O-O 10. e4 Qc7 11. b3 Nxe4 12. Nd5 Qb7 13. Nxe7+ Kh8 14. Nd5 Nc3
15. Qf3 Nxd5 16. Rd1 Na6 17. cxd5 Rfe8 18. Bg5 Nc7 19. Bf6 Bxf6 20. Qxf6+ Kg8
21. Nf5 gxf5 22. Qg5+ Kf8 23. Qh6+ Ke7 24. Qh4+ Kf8 25. Qh6+ Kg8 26. Qg5+ Kf8 1/2-1/2

[Event "World Junior Open 2015"]
[Site "Khanty-Mansiysk RUS"]
[Date "2015.09.02"]
[Round "1.7"]
[White "Rambaldi, Francesco"]
[Black "Ratkovic, Miloje"]
[Result "1/2-1/2"]
[WhiteTitle "IM"]
[WhiteElo "2540"]
[BlackElo "2388"]
[WhiteFideId "20657307"]
[BlackFideId "914517"]
[EventDate "2015.09.02"]

1. e4 c6 2. Nc3 d5 3. d4 dxe4 4. Nxe4 Bf5 5. Ng3 Bg6 6. Nh3 Nf6 7. Bc4 Nbd7 8.
O-O e6 9. f4 Nb6 10. Bb3 Qd7 11. a4 O-O-O 12. a5 Nbd5 13. a6 b6 14. Qf3 Ne7 15.
c3 h5 16. Ng5 h4 17. N3e4 Ned5 18. Qe2 Bf5 19. Nf2 Nh5 20. Qf3 Bd6 21. Ngh3 g5
22. Nxg5 Ndxf4 23. Nfe4 Bc7 24. Nf6 Qd6 25. Nxf7 Ne2+ 26. Kf2 Qxh2 27. Nxh5 Rdg8
28. Qxc6 Rxg2+ 29. Ke1 Nxc1 30. Qb7+ Kd7 31. Ne5+ Qxe5+ 32. dxe5 Nd3+ 33. Kd1
Nxb2+ 34. Ke1 Nd3+ 35. Kd1 Nb2+ 36. Ke1 Nd3+ 37. Kd1 Nb2+ 1/2-1/2

[Event "World Junior Open 2015"]
[Site "Khanty-Mansiysk RUS"]
[Date "2015.09.02"]
[Round "1.8"]
[White "Akash, G"]
[Black "Antipov, Mikhail Al."]
[Result "0-1"]
[WhiteTitle "IM"]
[BlackTitle "GM"]
[WhiteElo "2382"]
[BlackElo "2538"]
[WhiteFideId "5040299"]
[BlackFideId "4107012"]
[EventDate "2015.09.02"]

1. e4 e6 2. d4 d5 3. Nc3 Nf6 4. e5 Nfd7 5. f4 c5 6. Nf3 Be7 7. Be3 O-O 8. Bd3 c4
9. Be2 f5 10. exf6 Nxf6 11. Ne5 Bb4 12. O-O Bxc3 13. bxc3 Ne4 14. Qe1 Nd7 15.
Bf3 Ndf6 16. g4 Qa5 17. g5 Nd7 18. Nxc4 Qa4 19. Nd2 Nxc3 20. Nb3 Ne4 21. Bd2 Qc6
22. Rc1 b5 23. Na5 Qb6 24. Bxe4 Qxd4+ 25. Rf2 dxe4 26. Be3 Qd6 27. c4 bxc4 28.
Rxc4 e5 29. f5 Nb6 30. Bc5 Qd5 31. Qxe4 Rxf5 32. Rxf5 Bxf5 33. Qxd5+ Nxd5 34.
Nc6 Bd3 35. Ra4 Bb5 36. Ne7+ Nxe7 37. Rb4 Nc6 38. Rxb5 Rd8 39. Be3 Rd3 40. Kf2
Ra3 41. Rc5 Rxa2+ 42. Kf3 Ra6 43. Ke4 Kf7 44. Kd5 Nb4+ 45. Kc4 Nc6 46. Kd5 Ra3
47. Rxc6 Rxe3 48. h4 Rh3 49. Kxe5 Rxh4 50. Kf5 a5 51. Rc7+ Kf8 52. Rc8+ Kf7 53.
Rc7+ Kf8 54. Rc8+ Ke7 55. Rc7+ Kd6 56. Rxg7 Kc5 57. Ra7 Kb6 58. Ra8 Rc4 59. Rb8+
Ka7 60. Rg8 Kb7 61. g6 hxg6+ 62. Rxg6 a4 63. Rg3 Kc6 64. Ke5 Kc5 65. Rg8 a3 66.
Ra8 Kb4 67. Kd5 Rh4 68. Rb8+ Kc3 69. Ra8 Kb3 70. Kc5 a2 71. Rb8+ Ka3 72. Ra8+
Ra4 0-1

[Event "World Junior Open 2015"]
[Site "Khanty-Mansiysk RUS"]
[Date "2015.09.02"]
[Round "1.9"]
[White "Bajarani, Ulvi"]
[Black "Beradze, Irakli"]
[Result "1/2-1/2"]
[WhiteTitle "GM"]
[WhiteElo "2535"]
[BlackElo "2380"]
[WhiteFideId "13403028"]
[BlackFideId "13604597"]
[EventDate "2015.09.02"]

1. Nf3 d5 2. c4 c6 3. e3 Nf6 4. b3 Bg4 5. Bb2 e6 6. h3 Bh5 7. Nc3 Nbd7 8. g4 Bg6
9. Nh4 Nc5 10. Nxg6 hxg6 11. d3 a5 12. Rb1 Be7 13. g5 Nfd7 14. d4 Ne4 15. Nxe4
dxe4 16. Qg4 a4 17. Bg2 Bxg5 18. Qxe4 Qa5+ 19. Ke2 O-O 20. Qc2 Bf6 21. h4 Rfe8
22. Bf3 e5 23. d5 e4 24. Bxe4 Bxb2 25. Rxb2 axb3 26. axb3 Nf6 27. Bf3 cxd5 28.
Rd1 Rad8 29. Ra2 Qb4 30. cxd5 Rc8 31. Qb1 Qxh4 32. Ra4 Qg5 33. d6 Rc3 34. Rd3
Qb5 35. Kd2 Rc5 36. b4 Rf5 37. Ra5 Qd7 38. Rxf5 gxf5 39. Qa1 Rd8 40. Qa7 Ne4+
41. Bxe4 fxe4 42. Rd4 Rc8 43. Qa5 b5 44. Qa1 Qf5 45. Ke1 Qg4 46. Qd1 Qg1+ 47.
Ke2 Qg4+ 48. Kf1 Qxd1+ 49. Rxd1 Rd8 50. Kg2 f6 51. Kg3 Kf7 52. Rd4 Ke6 53. Rxe4+
Kxd6 54. Kf4 Rh8 55. Kf5 Rh5+ 56. Kg6 Rg5+ 57. Kf7 Kd5 58. Rd4+ Kc6 59. f4 Rg4
60. f5 Rg3 61. e4 Rg4 62. Ke7 Kc7 63. Ke6 Kc6 64. Kf7 Kc7 65. Ke7 Kc6 66. Rd6+
Kc7 67. Re6 Rg5 68. Kf8 Rg4 69. Kf7 Rg5 70. Re7+ Kc6 71. Ke8 Rg3 72. Re6+ Kc7
73. e5 fxe5 74. Rxe5 Kc6 75. Kf7 Rg4 76. Re6+ Kd5 77. Rg6 Rf4 78. Rg5 Kc4 79.
Kxg7 Kxb4 80. Kf6 Rf3 81. Ke5 Kc3 82. Ke4 Rf1 83. Rg3+ Kc4 84. Rf3 1/2-1/2

[Event "World Junior Open 2015"]
[Site "Khanty-Mansiysk RUS"]
[Date "2015.09.02"]
[Round "1.10"]
[White "Menezes, Christoph"]
[Black "Chigaev, Maksim"]
[Result "1/2-1/2"]
[WhiteTitle "FM"]
[BlackTitle "IM"]
[WhiteElo "2364"]
[BlackElo "2531"]
[WhiteFideId "1617001"]
[BlackFideId "4108116"]
[EventDate "2015.09.02"]

1. d4 Nf6 2. c4 g6 3. Nc3 d5 4. cxd5 Nxd5 5. e4 Nxc3 6. bxc3 Bg7 7. Nf3 O-O 8.
Be2 b6 9. O-O c5 10. Bg5 Bb7 11. Qd3 cxd4 12. cxd4 Qd7 13. Rad1 e6 14. Qb1 Qd6
15. Rfe1 Nc6 16. d5 exd5 17. exd5 Ne5 18. Bd2 Nd7 19. Qb4 Qxd5 20. Bf4 Qf5 21.
Bd6 Rfe8 22. Nd4 Qf6 23. Nb5 Re4 24. Qd2 Qb2 25. Qxb2 Bxb2 26. Bg3 Nc5 27. Nd6
Bc3 28. Nxe4 Nxe4 29. Ba6 Bxa6 30. Rxe4 Bf6 31. Be5 Bxe5 32. Rxe5 Bc4 33. Rd2
Be6 34. f3 Rc8 35. Kf2 Kg7 36. Ree2 Rc5 37. Re3 Ra5 38. a3 Rc5 39. Rb2 b5 40.
Ree2 Rc3 41. Re3 Rc5 42. Ke1 a6 43. Kd2 Kf6 44. Rc3 Bc4 45. Re3 Be6 46. Rc3 Bc4
47. Re3 1/2-1/2

[Event "World Junior Open 2015"]
[Site "Khanty-Mansiysk RUS"]
[Date "2015.09.02"]
[Round "1.11"]
[White "Pichot, Alan"]
[Black "Makhnyov, Denis"]
[Result "0-1"]
[WhiteTitle "IM"]
[BlackTitle "FM"]
[WhiteElo "2528"]
[BlackElo "2358"]
[WhiteFideId "110973"]
[BlackFideId "13707647"]
[EventDate "2015.09.02"]

1. e4 e5 2. Nf3 Nc6 3. Bb5 Nf6 4. d3 Bc5 5. c3 O-O 6. O-O d6 7. Nbd2 Ne7 8. d4
exd4 9. cxd4 Bb6 10. Re1 Bg4 11. h3 Bh5 12. Qb3 d5 13. e5 Nd7 14. a4 a5 15. Qd1
Nb8 16. Nb3 Nbc6 17. Bg5 h6 18. Bxc6 bxc6 19. Bh4 Qe8 20. g4 Bg6 21. Rc1 Bh7 22.
Rc3 Ng6 23. Bg3 Qe6 24. Qc1 Ne7 25. Nh4 Rae8 26. Ng2 f5 27. g5 hxg5 28. Qxg5 f4
29. Nxf4 Qf5 30. Qxf5 Bxf5 31. Nc5 Bc8 32. Kg2 Nf5 33. Rd1 Kh7 34. Nb3 Ne7 35.
h4 Bg4 36. f3 Bc8 37. Nh3 Kh6 38. Bf4+ Kh7 39. Bg5 Nf5 40. Nf2 Ba6 41. Nc5 Bc4
42. Rxc4 dxc4 43. Nfe4 Bxc5 44. Nxc5 Rb8 45. Rd2 Rb4 46. e6 Kg8 47. h5 Rfb8 48.
Na6 Rxb2 49. Nxb8 c3 50. Rf2 Rxb8 51. Kh3 Nxd4 52. e7 Kf7 53. Rf1 Ne6 54. Bh4
Nf4+ 55. Kg4 Nd3 56. Rd1 c2 57. Rxd3 c1=Q 58. Rd8 Rb4+ 0-1

[Event "World Junior Open 2015"]
[Site "Khanty-Mansiysk RUS"]
[Date "2015.09.02"]
[Round "1.12"]
[White "Bilguun, Sumiya"]
[Black "Sanal, Vahap"]
[Result "1/2-1/2"]
[WhiteTitle "FM"]
[BlackTitle "IM"]
[WhiteElo "2343"]
[BlackElo "2522"]
[WhiteFideId "4901541"]
[BlackFideId "6300545"]
[EventDate "2015.09.02"]

1. e4 g6 2. d4 Bg7 3. Nf3 d6 4. Nc3 a6 5. Be3 b5 6. Bd3 Nd7 7. a4 b4 8. Ne2 Ngf6
9. Ng3 O-O 10. h3 c5 11. c3 a5 12. Qe2 Bb7 13. O-O e6 14. Nd2 Qe7 15. f4 Rac8
16. Nf3 c4 17. Bb1 e5 18. Qf2 d5 19. Nxe5 dxe4 20. Bc2 b3 21. Bd1 Nb6 22. f5
Nfd5 23. Ng4 f6 24. h4 Rfe8 25. fxg6 hxg6 26. h5 f5 27. hxg6 fxg4 28. Qf7+ Kh8
29. Rf5 Nf6 30. Nh5 Qxf7 31. gxf7 Re6 32. Nxf6 Bxf6 33. Bxg4 Kg7 34. Raf1 Nd5
35. Rxd5 Bxd5 36. Bxe6 Bxe6 37. Bh6+ Kxf7 38. Bg5 1/2-1/2

[Event "World Junior Open 2015"]
[Site "Khanty-Mansiysk RUS"]
[Date "2015.09.02"]
[Round "1.13"]
[White "Bai, Jinshi"]
[Black "Bogdanov, Egor"]
[Result "1-0"]
[WhiteTitle "IM"]
[WhiteElo "2519"]
[BlackElo "2333"]
[WhiteFideId "8602280"]
[BlackFideId "14119137"]
[EventDate "2015.09.02"]

1. d4 Nf6 2. c4 g6 3. Nc3 Bg7 4. e4 O-O 5. Nf3 d6 6. h3 e5 7. d5 a5 8. g4 Nfd7
9. Be3 Na6 10. a3 Nac5 11. Nd2 a4 12. h4 f5 13. gxf5 gxf5 14. exf5 Rxf5 15. Nce4
Qf8 16. Qc2 Rf4 17. Bh3 b5 18. cxb5 Rxe4 19. Nxe4 Qf3 20. Ng3 e4 21. Kf1 Nf6 22.
Qd1 Ng4 23. Qxf3 exf3 24. Bxc5 dxc5 25. Nh5 Bd7 26. Nxg7 Kxg7 27. Bxg4 Bxg4 28.
Rc1 Re8 29. Rxc5 Re2 30. d6 Rxb2 31. Kg1 Kf6 32. dxc7 Bc8 33. Kh2 Rxf2+ 34. Kg3
Rg2+ 35. Kxf3 Bb7+ 36. Ke3 Rg3+ 37. Kd4 1-0

[Event "World Junior Open 2015"]
[Site "Khanty-Mansiysk RUS"]
[Date "2015.09.02"]
[Round "1.14"]
[White "Popov, Mikhail"]
[Black "Tari, Aryan"]
[Result "0-1"]
[WhiteTitle "FM"]
[BlackTitle "IM"]
[WhiteElo "2327"]
[BlackElo "2518"]
[WhiteFideId "4146182"]
[BlackFideId "1510045"]
[EventDate "2015.09.02"]

1. e4 c6 2. d4 d5 3. e5 Bf5 4. h4 c5 5. dxc5 Nc6 6. g4 Bd7 7. Qxd5 Bxg4 8. Nc3
e6 9. Qc4 Qd4 10. Be3 Qxc4 11. Bxc4 Nxe5 12. Bb5+ Nc6 13. Nge2 O-O-O 14. Rg1 Ne5
15. Rg3 Nf6 16. f4 Nf3+ 17. Kf1 Nxh4 18. Bf2 Be7 19. c6 Nf5 20. Rd3 a6 21. Ba4
Rxd3 22. cxb7+ Kxb7 23. cxd3 Rd8 24. d4 Nd5 25. Bb3 Nde3+ 26. Kg1 Bf6 27. Rc1
Nxd4 28. Bxe3 Nxe2+ 29. Nxe2 Bxe2 30. Kf2 Bb5 31. a4 Bc6 32. Rc4 a5 33. Rc5 Bxb2
34. f5 Bd4 35. Rxa5 exf5 36. Rxf5 f6 37. Rh5 h6 38. Rh4 Bxe3+ 39. Kxe3 Re8+ 40.
Kd3 Re5 41. Bf7 Ra5 42. Rb4+ Kc7 43. Rc4 Kd6 44. Rd4+ Ke5 45. Bb3 g5 46. Rb4 h5
47. Kc3 h4 48. Rc4 Bd5 49. Rc8 Be4 50. Kb4 Ra8 51. Rc5+ Kf4 52. Be6 f5 0-1

[Event "World Junior Open 2015"]
[Site "Khanty-Mansiysk RUS"]
[Date "2015.09.02"]
[Round "1.15"]
[White "Abasov, Nijat"]
[Black "Kirk, Ezra"]
[Result "1-0"]
[WhiteTitle "GM"]
[BlackTitle "FM"]
[WhiteElo "2511"]
[BlackElo "2315"]
[WhiteFideId "13402960"]
[BlackFideId "600067"]
[EventDate "2015.09.02"]

1. d4 Nf6 2. Bg5 Ne4 3. Bf4 d5 4. f3 Nf6 5. e4 e6 6. e5 Nfd7 7. Be3 c5 8. c3 Nc6
9. f4 Be7 10. Nf3 cxd4 11. cxd4 f5 12. exf6 Nxf6 13. Nc3 O-O 14. Bd3 Bd7 15. O-O
Ng4 16. Bd2 Nxd4 17. Nxd4 Qb6 18. Ne2 Bc5 19. Bc3 e5 20. Qb3 exd4 21. Qxb6 axb6
22. Bxd4 Ra4 23. Bxc5 bxc5 24. b3 Ra7 25. a4 Rc8 26. Nc3 Ne3 27. Rfe1 d4 28. Nd1
Nxd1 29. Raxd1 Re8 30. Kf2 Raa8 31. Be4 Be6 32. Bxb7 Bxb3 33. Bxa8 Rxa8 34. Rd3
Bc2 35. Rd2 d3 36. Re4 Bxa4 37. Rc4 Bc2 38. Rxc5 Ra1 39. Ke3 h6 40. Rc7 Re1+ 41.
Kf2 Ra1 42. Rd7 Rb1 43. h3 Rh1 44. Re7 Ra1 45. Kg3 Kf8 46. Rd7 Re1 47. Kf2 Rh1
48. f5 Ra1 49. Kg3 Re1 50. Rf2 Re3+ 51. Rf3 Ke8 52. Rxe3+ Kxd7 53. Re4 d2 54.
Rd4+ Ke7 55. Rxd2 Bxf5 56. Kf4 Bb1 57. Ke5 Kf7 58. Rd6 Bc2 59. h4 Bb1 60. Rd2
Kg6 61. g3 Kf7 62. h5 Kg8 63. Rd4 Bc2 64. Ke6 Kh7 65. Kf7 Bf5 66. Rf4 Bc2 67.
Rg4 Bd3 68. Rxg7+ Kh8 69. Kf6 Bc2 70. Rc7 Bd3 71. Ra7 Bc2 72. Rd7 Be4 73. Re7
Bd3 74. g4 Bc2 75. Re5 Bd3 76. Rf5 Kh7 77. Rd5 Bc2 78. Rd2 Bb1 79. Rb2 Bd3 80.
Ke5 Kh8 81. Kd4 Bf1 82. Ke4 Bc4 83. Rd2 Bb5 84. Ke5 Kg7 85. Kf5 Ba4 86. Ra2 Bd7+
87. Ke5 Bb5 88. Ra7+ Kh8 89. Ra3 Be2 90. Kf5 Kg7 91. Ra7+ Kf8 92. Kf6 Bf3 93.
Rh7 Ke8 94. Kf5 1-0

[Event "World Junior Open 2015"]
[Site "Khanty-Mansiysk RUS"]
[Date "2015.09.02"]
[Round "1.16"]
[White "Hasenohr, Benedict"]
[Black "Gordievsky, Dmitry"]
[Result "0-1"]
[WhiteTitle "FM"]
[BlackTitle "FM"]
[WhiteElo "2309"]
[BlackElo "2511"]
[WhiteFideId "1303309"]
[BlackFideId "24112798"]
[EventDate "2015.09.02"]

1. d4 c5 2. d5 d6 3. c4 g6 4. e4 Bg7 5. Bd3 e6 6. h3 Ne7 7. Nf3 O-O 8. O-O h6 9.
Nc3 e5 10. Ne1 f5 11. exf5 gxf5 12. Qh5 Rf6 13. f4 e4 14. Bc2 Nd7 15. g4 Rf7 16.
Ng2 Nf6 17. Qh4 fxg4 18. hxg4 Bxg4 19. Bxe4 Nf5 20. Bxf5 Bxf5 21. Ne3 Qd7 22.
Bd2 Kh7 23. Kh2 h5 24. Nxf5 Qxf5 25. Rae1 Rg8 26. Re2 Bh6 27. Qe1 Rg6 28. Ne4
Nxe4 29. Rxe4 Rfg7 30. Re2 Qd3 31. Bc3 Rf7 32. Rg2 Bxf4+ 33. Rxf4 Rxg2+ 34. Kxg2
Qg6+ 35. Kh2 Rxf4 36. Qe7+ Rf7 0-1

[Event "World Junior Open 2015"]
[Site "Khanty-Mansiysk RUS"]
[Date "2015.09.02"]
[Round "1.17"]
[White "Karthikeyan, Murali"]
[Black "Vokhidov, Shamsiddin"]
[Result "0-1"]
[WhiteTitle "GM"]
[WhiteElo "2509"]
[BlackElo "2292"]
[WhiteFideId "5074452"]
[BlackFideId "14204223"]
[EventDate "2015.09.02"]

1. e4 c5 2. Nf3 e6 3. d4 cxd4 4. Nxd4 Nc6 5. Nc3 Qc7 6. Be2 Nf6 7. O-O a6 8. Kh1
Nxd4 9. Qxd4 Bc5 10. Qd3 h5 11. f4 Ng4 12. e5 d5 13. Qg3 b5 14. Bxg4 hxg4 15.
Ne2 Bb7 16. c3 g6 17. Qxg4 d4 18. cxd4 Bb6 19. Be3 Qc2 20. b3 b4 21. Ng1 Bd5 22.
Qg3 a5 23. Rf2 Qe4 24. Nh3 Rc8 25. Rd2 Rc3 26. Re1 Qf5 27. Nf2 Qh5 28. Ng4 Bd8
29. Kg1 Qf5 30. Nf6+ Bxf6 31. exf6 Qxf6 32. Rdd1 Kd7 33. Qf2 Rhc8 34. h3 Qf5 35.
Bd2 Rxh3 36. Qe2 Rg3 37. Qb5+ Ke7 38. Re2 Qg4 39. Qxd5 Qxe2 40. Qb7+ Kf6 41. Rc1
Rxc1+ 42. Bxc1 Rc3 0-1

[Event "World Junior Open 2015"]
[Site "Khanty-Mansiysk RUS"]
[Date "2015.09.02"]
[Round "1.19"]
[White "Georgiadis, Nico"]
[Black "Megalios, Konstantinos"]
[Result "1-0"]
[WhiteTitle "IM"]
[WhiteElo "2484"]
[BlackElo "2242"]
[WhiteFideId "1300113"]
[BlackFideId "4238044"]
[EventDate "2015.09.02"]

1. d4 Nf6 2. c4 e6 3. g3 c5 4. d5 exd5 5. cxd5 d6 6. Nc3 g6 7. Nf3 Bg7 8. Bg2
O-O 9. O-O a6 10. a4 Re8 11. Bf4 Nh5 12. Bg5 Qc7 13. e4 Nd7 14. Re1 Rb8 15. g4
Nhf6 16. h3 h5 17. e5 dxe5 18. d6 Qa5 19. Bxf6 Nxf6 20. gxh5 gxh5 21. Ng5 Bf5
22. Nd5 Nxd5 23. Bxd5 Bg6 24. Kh1 Rbd8 25. Rg1 Rd7 26. Ra3 Qb4 27. Rag3 Qd4 28.
Qb3 e4 29. Ne6 Be5 30. Rxg6+ fxg6 31. Nxd4+ 1-0

[Event "World Junior Open 2015"]
[Site "Khanty-Mansiysk RUS"]
[Date "2015.09.02"]
[Round "1.20"]
[White "Taalaibekov, Tagir"]
[Black "Yuffa, Daniil"]
[Result "0-1"]
[BlackTitle "IM"]
[WhiteElo "2222"]
[BlackElo "2476"]
[WhiteFideId "13801163"]
[BlackFideId "24131423"]
[EventDate "2015.09.02"]

1. d4 Nf6 2. g3 d5 3. Bg2 Bf5 4. Nf3 c6 5. O-O e6 6. b3 Nbd7 7. Bb2 Be7 8. Nbd2
O-O 9. c4 Ne4 10. Ne1 Nxd2 11. Qxd2 Qb6 12. Nd3 a5 13. Bc3 a4 14. c5 Qb5 15. b4
Bxd3 16. exd3 a3 17. f4 Bf6 18. Rab1 b6 19. Rb3 Rfe8 20. Rf3 Ra4 21. Qf2 Qa6 22.
g4 g6 23. Bd2 Bh8 24. f5 exf5 25. gxf5 bxc5 26. fxg6 hxg6 27. dxc5 Qc8 28. d4
Re4 29. Rfd3 Nf6 30. Bxe4 dxe4 31. Rh3 Bg7 32. Qf4 Ra7 33. Rxa3 Re7 34. Qh4 Re8
35. Rag3 Nh5 36. Rg4 Bxd4+ 37. Be3 Bg7 38. Kg2 Qe6 39. Bf2 Nf6 40. Rgg3 Qxa2 41.
Rb3 Nd5 42. Kf1 Qa1+ 43. Kg2 Qc1 44. Bg3 Qd2+ 45. Kf1 Qd1+ 46. Be1 e3 47. Ra3
Qc1 48. Ra7 Nf4 49. Rf3 g5 50. Qg3 Qc4+ 0-1

[Event "World Junior Open 2015"]
[Site "Khanty-Mansiysk RUS"]
[Date "2015.09.02"]
[Round "1.21"]
[White "Sunilduth Lyna, Narayanan"]
[Black "Ererdem, Gani Eren"]
[Result "1-0"]
[WhiteTitle "IM"]
[WhiteElo "2473"]
[BlackElo "2213"]
[WhiteFideId "5058422"]
[BlackFideId "6310915"]
[EventDate "2015.09.02"]

1. d4 Nf6 2. c4 e6 3. Nf3 b6 4. g3 Ba6 5. Qb3 c6 6. Bf4 Be7 7. Nc3 O-O 8. e4 d5
9. cxd5 Bxf1 10. Kxf1 cxd5 11. exd5 Nxd5 12. Nxd5 Qxd5 13. Qxd5 exd5 14. Rc1 Na6
15. a3 Rac8 16. Ke2 f6 17. g4 b5 18. Nd2 Kf7 19. Kd3 Ke6 20. Nb3 Kd7 21. Na5
Rxc1 22. Rxc1 Bd8 23. Nb7 Bb6 24. Nc5+ Bxc5 25. dxc5 Kc6 26. b4 Re8 27. f3 Nc7
28. Bxc7 Kxc7 29. Rc2 Kc6 30. Re2 Rxe2 31. Kxe2 Kc7 32. f4 g5 33. fxg5 fxg5 34.
Ke3 Kd7 35. Kd4 Ke6 36. c6 Kd6 37. c7 Kxc7 38. Kxd5 a6 39. Ke5 1-0

[Event "World Junior Open 2015"]
[Site "Khanty-Mansiysk RUS"]
[Date "2015.09.02"]
[Round "1.22"]
[White "Dutreuil, Raphael"]
[Black "Gagare, Shardul"]
[Result "0-1"]
[BlackTitle "IM"]
[WhiteElo "2166"]
[BlackElo "2469"]
[WhiteFideId "20630999"]
[BlackFideId "5037883"]
[EventDate "2015.09.02"]

1. d4 Nf6 2. c4 e6 3. g3 d5 4. Nf3 Bb4+ 5. Bd2 Be7 6. Bg2 O-O 7. O-O c6 8. Qc2
b6 9. Bf4 Ba6 10. Nbd2 Nbd7 11. Rfe1 Nh5 12. Be3 Rc8 13. Qa4 Bxc4 14. Nxc4 b5
15. Qxa7 bxc4 16. Qa4 Nhf6 17. Bd2 Qb6 18. Qc2 c5 19. e3 Ne4 20. Re2 Nxd2 21.
Qxd2 Bf6 22. Rd1 Ra8 23. a3 Ra7 24. g4 g6 25. h4 Rb8 26. h5 Bg7 27. Ng5 Nf6 28.
Bf3 Rab7 29. hxg6 hxg6 30. Qe1 Qc7 31. e4 Qf4 32. exd5 Qxg5 33. dxe6 Nxg4 34.
Bxb7 Rxb7 35. f4 Qxf4 36. dxc5 Bd4+ 37. Kg2 Ne3+ 38. Rxe3 Bxe3 39. Rd8+ Kg7 40.
Qc3+ f6 0-1